House of the Dragon - Personnages par images - Statistiques

Statistiques générales
  • Ce quiz a été pris 90 fois
  • Le résultat moyen est 12 sur 16
Statistiques - réponses
Par images Réponse % Correct
Daemon Targaryen
95%
Aegon II Targaryen
93%
Alicent Hightower
92%
Aemond Targaryen
86%
Otto Hightower
86%
Rhaenyra Targaryen
85%
Lucerys Velaryon
81%
Rhaenys Targaryen
79%
Corlys Velaryon
67%
Criston Cole
67%
Joffrey Velaryon
67%
Baela Targaryen
66%
Jacaerys Velaryon
64%
Helaena Targaryen
59%
Rhaena Targaryen
58%
Mysaria
37%
Aucun quiz correspondant
Distribution des résultats
% des personnes avec chaque résultat
Percentile par nombre de réponses
Votre historique - résultats
Vous n’avez pas pris ce quiz